000 00646nam a2200217 4500
001 1764647
005 20260313113726.0
008 720606s1972 nyua b 001 0 eng
020 _a0030013518
_a0030830532 (pbk)
020 _a9780030013515
020 _a9780030830532
_q(pbk)
050 0 0 _aHQ31
_b.K36
082 0 0 _a612.6
100 1 _aKatchadourian, Herant A.
245 1 0 _aFundamentals of human sexuality
_c[by] Herant A. Katchadourian [and] Donald T. Lunde.
260 _aNew York,
_bHolt, Rinehart and Winston
_c[1972]
300 _aviii, 514 p.
_billus.
_c24 cm.
650 0 _aSex.
700 1 _aLunde, Donald T.
942 _2lcc
_cBK
_n0
999 _c9011
_d9011